000 00508nam a2200205 i 4500
001 bg
100 1 _aKOMOSA, Andrzej
245 1 0 _aSzkolny słownik ekonomiczny /
_cAndrzej Komosa.
260 _aWarszawa :
_bWydawnictwo Ekonomik,
_c1997.
300 _a171, [2] s. ;
_c21 cm.
650 9 _aEkonomia
655 _aEncyklopedie
020 _a8390046881
040 _cBPK
041 0 _apol
080 _a330(03)
920 _a83-900468-8-1
942 _cKS
008 s pl f |000 0 pol
999 _c52916
_d52916
856 _uhttp://koha.tu.koszalin.pl/cgi-bin/koha/opac-detail.pl?biblionumber=52916
_yKatalog online BPK